000 00487nam a22001817a 4500
003 OSt
005 20250507105246.0
008 250507b |||||||| |||| 00| 0 eng d
020 _a9780143474050
040 _cSBCL
082 _a823
_bRIT-T
100 _aRithvik Singh
245 _aThank you for Leaving
260 _aHaryana
_bPenguin Random House
_c2025
300 _a187p.
650 _2Literature & rhetoric
_aEnglish & Old English literatures
_vEnglish fiction
942 _cBOOK
999 _c136866
_d136866